| 000 | 01025nam a2200241 i 4500 | ||
|---|---|---|---|
| 001 | 110764 | ||
| 003 | ES-MaACL | ||
| 005 | 20251015185106.0 | ||
| 007 | t| | ||
| 008 | 070125m1926 sp ||||1| spa d | ||
| 080 | _a352(460)(083.2) | ||
| 245 | 0 | 0 |
_aFormularios municipales para la aplicación práctica del estatuto municipal y de sus reglamentos : _bobra redactada de acuerdo con las novísimas disposiciones legales / _cpor Francisco Contreras, E. Martín de la Cámara, Eusebio Alonso. |
| 260 |
_aMadrid : _bHijos de Reus, _c1926. |
||
| 300 |
_a2 v. ; _c23 cm. |
||
| 490 | 1 |
_aBiblioteca jurídica de autores españoles y extranjeros ; _v94-95 |
|
| 650 | 4 |
_aAdministración municipal- _zEspaña. _99642 |
|
| 700 | 1 |
_aContreras Martín, Francisco. _940324 |
|
| 700 | 1 |
_aMartín de la Cámara, Eduardo, _d1873-1926 _9156686 |
|
| 700 | 1 |
_aAlonso, Eusebio. _920202 |
|
| 830 | 1 |
_aBiblioteca jurídica de autores españoles y extranjeros ; _v94-95 _9182228 |
|
| 852 | 4 |
_aES-MaACL _jE-3088-89 |
|
| 999 |
_c110764 _d110764 |
||